书目信息 |
| 题名: |
小小芯片万事通:著名科学家谈计算机技术
|
|
| 作者: | 吴文虎 , 李秋弟 著 | |
| 分册: | ||
| 出版信息: | 桂林 广西师范大学出版社 1999.01 |
|
| 页数: | 145页 | |
| 开本: | 32开 | |
| 丛书名: | ||
| 单 册: | ||
| 中图分类: | TP3-49 | |
| 科图分类: | ||
| 主题词: | 计算技术 , 电子计算机 | |
| 电子资源: | ||
| ISBN: | 7-5633-2730-4 | |
| 000 | 00682nam0 2200217 45 | |
| 001 | 0106040922 | |
| 005 | 20010604094337.9 | |
| 010 | @a7-5633-2730-4@d9.00元 | |
| 100 | @a20010604d1999 km y0chiy0120 ea | |
| 101 | 0 | @achi |
| 105 | @a z 000yy | |
| 200 | 1 | @a小小芯片万事通:著名科学家谈计算机技术@AXiao Xiao Xin Pian Wan Shi Tong:Zhu Ming Ke Xue Jia Tan Ji Suan Ji Ji Shu@f吴文虎,李秋弟著@FWu Wen Hu,Li Qiu Di Zhu |
| 210 | @a桂林@c广西师范大学出版社@d1999.01 | |
| 215 | @a145页@d32开 | |
| 606 | 0 | @a计算技术 |
| 606 | 0 | @a电子计算机 |
| 690 | @aTP3-49@v3 | |
| 701 | 0 | @a吴文虎@4著 |
| 701 | 0 | @a李秋弟@4著 |
| 801 | @aCN@bPftUser@c20010604 | |
| 905 | @b345129-133@dTP3-49@eW333@f5 | |
| 小小芯片万事通:著名科学家谈计算机技术/吴文虎,李秋弟著.-桂林:广西师范大学出版社,1999.01 |
| 145页;32开 |
| ISBN 7-5633-2730-4:9.00元 |
| ● |
| 相关链接 |
|
|
|
正题名:小小芯片万事通:著名科学家谈计算机技术
索取号:TP3-49/W333
 
预约/预借
| 序号 | 登录号 | 条形码 | 馆藏地/架位号 | 状态 | 备注 |
| 1 | 345131 | 203451317 | 期刊室512/301自科库 100排8列6层/ [索取号:TP3-49/W333] | 在馆 | |
| 2 | 345132 | 203451326 | 自科二线504/504自科库 4排3列3层/ [索取号:TP3-49/W333] | 在馆 | |
| 3 | 345133 | 203451335 | 自科库301/301自科库 100排8列6层/ [索取号:TP3-49/W333] | 在馆 | |
| 4 | 345134 | 203451344 | 自科二线504/404自科库 13排4列2层/ [索取号:TP3-49/W333] | 在馆 |